[Event "North Bay op"]
[Site "North Bay"]
[Date "1998.08.07"]
[Round "6"]
[White "Whitehead, Jay E"]
[Black "Levtchouk, George"]
[Result "1-0"]
[WhiteElo "2410"]
[BlackElo "2330"]
[PlyCount "73"]
[EventDate "1998.08.??"]
[EventType "swiss"]
[EventRounds "9"]
[EventCountry "CAN"]
[SourceTitle "EXT 1999"]
[Source "ChessBase"]
[SourceDate "1998.11.16"]
[SourceVersion "1"]
[SourceVersionDate "1998.11.16"]
[SourceQuality "1"]

1. d4 g6 2. e4 Bg7 3. c4 d6 4. Nc3 Nf6 5. Be2 0-0 6. Bg5 c6 7. h4 h6 8. Be3 e5 9. d5 cxd5 10. cxd5 Bd7 11. g4 b5 12. a3 a5 13. g5 hxg5 14. hxg5 Nh7 15. Nxb5 Bxb5 16. Bxb5 Nxg5 17. Qg4 Nh7 18. Qh3 Nf6 19. Bg5 Qc8 20. Qh2 Nh5 21. Be2 Qc2 22. Bxh5 gxh5 23. f3 Qxh2 24. Rxh2 Rc8 25. Rxh5 Nd7 26. Rh2 Nc5 27. Be7 Nb3 28. Rb1 Ra6 29. Rg2 Kh7 30. Ne2 Rc7 31. Bd8 Rc2 32. Kf2 Nd4 33. Rh1+ Bh6 34. Kf1 Nxf3 35. Bf6 Nd2+ 36. Kg1 Nf3+ 37. Kf2 1-0

[Event "Quebec op"]
[Site "Montreal"]
[Date "1998.07.27"]
[Round "3"]
[White "Levtchouk, George"]
[Black "Kosic, Dragan"]
[Result "0-1"]
[WhiteElo "2330"]
[BlackElo "2500"]
[PlyCount "96"]
[EventDate "1998.07.25"]
[EventType "swiss"]
[EventRounds "9"]
[EventCountry "CAN"]
[SourceTitle "EXT 1999"]
[Source "ChessBase"]
[SourceDate "1998.11.16"]
[SourceVersion "1"]
[SourceVersionDate "1998.11.16"]
[SourceQuality "1"]

1. d4 d5 2. c4 c6 3. Nf3 Nf6 4. Nc3 e6 5. e3 Nbd7 6. Qc2 Bd6 7. b3 0-0 8. Be2 b6 9. 0-0 Bb7 10. Bb2 Qe7 11. Rad1 Rfe8 12. e4 Nxe4 13. Nxe4 dxe4 14. Qxe4 f5 15. Qc2 c5 16. dxc5 Bxc5 17. Ne5 Nxe5 18. Bxe5 Rad8 19. Qc3 Qg5 20. Qg3 Qxg3 21. hxg3 Be4 22. Bc7 Rc8 23. Be5 Red8 24. Rxd8+ Rxd8 25. Rd1 Rxd1+ 26. Bxd1 Bb1 27. a4 Bd3 28. g4 Kf7 29. gxf5 exf5 30. g3 g5 31. Kg2 Kg6 32. Bc7 a5 33. Bd8 g4 34. f3 h5 35. Bc7 Kf6 36. Bf4 Ke6 37. Bc7 Be3 38. Bd8 Kd6 39. Bf6 Bb1 40. fxg4 fxg4 41. Kf1 Bd3+ 42. Ke1 Ke6 43. Bd8 Kf5 44. Bc7 Ke4 45. Bd8 Bc5 46. Bf6 Bb1 47. Ke2 Bd6 48. Kf2 Kd3 0-1

[Event "North Bay op"]
[Site "North Bay"]
[Date "1997.08.09"]
[Round "6"]
[White "Beckwith, Paul H"]
[Black "Levtchouk, George"]
[Result "0-1"]
[WhiteElo "2303"]
[BlackElo "2357"]
[PlyCount "100"]
[EventDate "1997.08.06"]
[EventType "swiss"]
[EventRounds "9"]
[EventCountry "CAN"]
[SourceTitle "EXT 2022"]
[Source "ChessBase"]
[SourceDate "2021.10.06"]
[SourceVersion "1"]
[SourceVersionDate "2021.10.06"]
[SourceQuality "1"]

1. e4 g6 2. d4 Bg7 3. c3 d6 4. Bd3 Nf6 5. f4 0-0 6. Nf3 c5 7. 0-0 cxd4 8. cxd4 Nc6 9. Na3 Nb4 10. Bb1 b6 11. Nb5 Ba6 12. a4 Qd7 13. Bd2 Bxb5 14. axb5 Qxb5 15. Qa4 Qxa4 16. Rxa4 Nc6 17. Rc1 Na5 18. Bxa5 bxa5 19. e5 Nh5 20. g3 Rfc8 21. Rd1 d5 22. Rxa5 e6 23. Bd3 Rc7 24. Rc5 Rb7 25. Rd2 Rab8 26. Ra5 Bf8 27. Rc2 Be7 28. Kf2 Bd8 29. Ra6 Rxb2 30. Rxa7 Rxc2+ 31. Bxc2 Rb4 32. Ne1 Bb6 33. Ra8+ Kg7 34. g4 Rxd4 35. gxh5 Ra4+ 36. Kf3 Rxa8 37. hxg6 hxg6 38. Kg4 Ra3 39. h4 Re3 40. Nf3 Rc3 41. Ba4 Ra3 42. Be8 Ra8 43. Bc6 Rc8 44. Bd7 Rc4 45. Ng5 Be3 46. Nh3 Kf8 47. Kf3 Rc3 48. Ng5 Bc1+ 49. Kg4 Re3 50. Nf3 Re4 0-1

[Event "North Bay op"]
[Site "North Bay"]
[Date "1997.08.08"]
[Round "5"]
[White "Levtchouk, George"]
[Black "Gofshtein, Leonid D"]
[Result "0-1"]
[WhiteElo "2357"]
[BlackElo "2552"]
[PlyCount "64"]
[EventDate "1997.08.06"]
[EventType "swiss"]
[EventRounds "9"]
[EventCountry "CAN"]
[SourceTitle "EXT 2022"]
[Source "ChessBase"]
[SourceDate "2021.10.06"]
[SourceVersion "1"]
[SourceVersionDate "2021.10.06"]
[SourceQuality "1"]

1. d4 Nf6 2. c4 c5 3. d5 e6 4. Nc3 exd5 5. cxd5 d6 6. e4 g6 7. f3 a6 8. a4 Bg7 9. Bg5 h6 10. Be3 0-0 11. Qd2 h5 12. Nge2 Nbd7 13. Nd1 Ne5 14. Nec3 Nh7 15. Be2 f5 16. Nf2 Qh4 17. g3 Qe7 18. 0-0 Bd7 19. exf5 Bxf5 20. Rae1 Rae8 21. a5 Qc7 22. Nce4 Bd7 23. f4 Ng4 24. Bxg4 Bxg4 25. Rc1 Bf3 26. Rc4 Rf5 27. Ra1 Ref8 28. Raa4 Nf6 29. Nxf6+ Bxf6 30. Nd1 Qd7 31. Ra1 Qb5 32. Rac1 Qb3 0-1

[Event "Montreal Pere Noel"]
[Site "Montreal"]
[Date "1996.12.27"]
[Round "2"]
[White "Leutschaft, Martin"]
[Black "Levtchouk, George"]
[Result "0-1"]
[WhiteElo "2016"]
[BlackElo "2338"]
[PlyCount "78"]
[EventDate "1996.12.26"]
[EventType "swiss"]
[EventRounds "5"]
[EventCountry "CAN"]
[SourceTitle "EXT 2022"]
[Source "ChessBase"]
[SourceDate "2021.10.06"]
[SourceVersion "1"]
[SourceVersionDate "2021.10.06"]
[SourceQuality "1"]

1. e4 g6 2. Nc3 Bg7 3. f4 c5 4. Nf3 Nc6 5. g3 e6 6. Bg2 Nge7 7. 0-0 0-0 8. d3 d5 9. e5 Rb8 10. Bd2 b5 11. Ne2 a5 12. g4 b4 13. Qe1 f6 14. Qh4 a4 15. Rae1 b3 16. axb3 Nb4 17. Bxb4 Rxb4 18. exf6 Rxf6 19. Ne5 Rf8 20. Ra1 axb3 21. c3 Rb6 22. Ra8 Qc7 23. Qg3 g5 24. Nf3 gxf4 25. Qh4 e5 26. Rfa1 Rh6 27. Qf2 Bxg4 28. R1a7 Qd6 29. Ng5 Rxa8 30. Rxa8+ Bf8 31. d4 cxd4 32. cxd4 Bxe2 33. Qxe2 e4 34. Qg4 Rg6 35. Rxf8+ Kxf8 36. Nxh7+ Kg7 37. Ng5 Qf6 38. h4 Qxd4+ 39. Kh2 Qe5 0-1

[Event "Montreal Pere Noel"]
[Site "Montreal"]
[Date "1996.12.26"]
[Round "1"]
[White "Levtchouk, George"]
[Black "Plante, Michel"]
[Result "1-0"]
[WhiteElo "2338"]
[BlackElo "1917"]
[PlyCount "109"]
[EventDate "1996.12.26"]
[EventType "swiss"]
[EventRounds "5"]
[EventCountry "CAN"]
[SourceTitle "EXT 2022"]
[Source "ChessBase"]
[SourceDate "2021.10.06"]
[SourceVersion "1"]
[SourceVersionDate "2021.10.06"]
[SourceQuality "1"]

1. d4 Nf6 2. c4 e6 3. Nc3 Bb4 4. f3 c5 5. d5 Nh5 6. g3 Bxc3+ 7. bxc3 e5 8. e4 d6 9. Bd3 g6 10. Rb1 Nd7 11. Ne2 0-0 12. Qc2 Ng7 13. Bh6 Nb6 14. 0-0 f5 15. f4 fxe4 16. Bxe4 Bh3 17. Rf2 Qd7 18. Qd3 Rae8 19. Kh1 Rf7 20. Bxg7 Kxg7 21. Rb5 Bf5 22. Bxf5 Qxf5 23. Qxf5 Rxf5 24. Rf1 Rf7 25. Rfb1 e4 26. Ra5 Nxc4 27. Rxa7 Ree7 28. Ra4 Nd2 29. Rb6 Rd7 30. Kg2 e3 31. g4 Rfe7 32. h4 h6 33. g5 Re4 34. Rxe4 Nxe4 35. Rb2 Nd2 36. Rb6 Ne4 37. a4 h5 38. Kf1 Nd2+ 39. Kg2 Kf7 40. Kg3 Ne4+ 41. Kg2 Nd2 42. Rb5 Nc4 43. Kf3 Re7 44. Ng3 b6 45. Ke2 Ra7 46. Nf1 Ke8 47. Kd3 Re7 48. Ng3 Kd7 49. Rb1 e2 50. Nxe2 Re3+ 51. Kxc4 Rxe2 52. Rxb6 Re4+ 53. Kb5 Rxf4 54. Rb7+ Kc8 55. Rg7 1-0

[Event "Montreal Interclubs"]
[Site "Montreal"]
[Date "1996.05.04"]
[Round "5"]
[White "Gravel, Simon M"]
[Black "Levtchouk, George"]
[Result "1/2-1/2"]
[WhiteElo "2244"]
[BlackElo "2320"]
[PlyCount "86"]
[EventDate "1996.02.13"]
[EventType "swiss"]
[EventRounds "5"]
[EventCountry "CAN"]
[SourceTitle "EXT 2022"]
[Source "ChessBase"]
[SourceDate "2021.10.06"]
[SourceVersion "1"]
[SourceVersionDate "2021.10.06"]
[SourceQuality "1"]

1. e4 g6 2. Nf3 Bg7 3. Nc3 d6 4. d4 a6 5. Be2 b5 6. 0-0 Nd7 7. Re1 c5 8. Bf1 cxd4 9. Nxd4 Bb7 10. a4 b4 11. Nd5 Ngf6 12. Nxb4 Qb6 13. c3 Nxe4 14. a5 Qc7 15. Bxa6 Bxa6 16. Rxe4 Nf6 17. Qa4+ Qd7 18. Nxa6 Rxa6 19. Re1 Qxa4 20. Rxa4 Nd5 21. Bd2 Kd7 22. Rea1 Rb8 23. Bc1 e6 24. Kf1 f5 25. Ke2 Bf6 26. R1a3 Rba8 27. Bd2 Rb8 28. Rb3 Rxb3 29. Nxb3 Ne7 30. Rb4 Kc7 31. Be3 Nd5 32. Rc4+ Kb7 33. Ra4 Bxc3 34. Rh4 Bxa5 35. Rxh7+ Bc7 36. Rg7 Nxe3 37. Kxe3 e5 38. Rxg6 Rb6 39. Na5+ Kc8 40. Nc4 Rb3+ 41. Ke2 d5 42. Nd6+ Bxd6 43. Rxd6 Rxb2+ 1/2-1/2

[Event "Montreal op"]
[Site "Montreal"]
[Date "1996.??.??"]
[Round "8"]
[White "Hergott, Deen"]
[Black "Levtchouk, George"]
[Result "1/2-1/2"]
[WhiteElo "2485"]
[BlackElo "2345"]
[PlyCount "81"]
[EventDate "1996.??.??"]
[EventType "swiss"]
[EventRounds "9"]
[EventCountry "CAN"]
[SourceTitle "EXT 1999"]
[Source "ChessBase"]
[SourceDate "1998.11.16"]
[SourceVersion "1"]
[SourceVersionDate "1998.11.16"]
[SourceQuality "1"]

1. d4 g6 2. Nf3 Bg7 3. g3 Nf6 4. Bg2 0-0 5. 0-0 d6 6. a4 Nc6 7. a5 Rb8 8. d5 Nb4 9. c3 Na6 10. Be3 Ra8 11. Na3 Bd7 12. Nd4 Qc8 13. Re1 c6 14. dxc6 bxc6 15. b4 e5 16. Ndc2 d5 17. c4 d4 18. Bg5 Bh3 19. Bxf6 Bxf6 20. e3 Bxg2 21. Kxg2 Rd8 22. exd4 exd4 23. Qf3 Kg7 24. Rad1 c5 25. b5 Nb4 26. Qb3 Nxc2 27. Nxc2 Qf5 28. Qd3 Qd7 29. Na1 h5 30. h4 Re8 31. Nb3 Qc7 32. Re4 Re5 33. Rde1 Rf5 34. R1e2 Rd8 35. Kg1 Rd6 36. Re1 Bd8 37. Re5 Rdf6 38. Rxf5 Rxf5 39. Re4 Qd6 40. Kg2 Qf6 41. f4 1/2-1/2

[Event "Quebec Carnaval"]
[Site "Quebec"]
[Date "1995.02.05"]
[Round "4"]
[White "Levtchouk, George"]
[Black "Pineault, Denis"]
[Result "0-1"]
[WhiteElo "2313"]
[BlackElo "2221"]
[PlyCount "69"]
[EventDate "1995.02.03"]
[EventType "swiss"]
[EventRounds "5"]
[EventCountry "CAN"]
[SourceTitle "EXT 2022"]
[Source "ChessBase"]
[SourceDate "2021.10.06"]
[SourceVersion "1"]
[SourceVersionDate "2021.10.06"]
[SourceQuality "1"]

1. d4 Nf6 2. c4 Nc6 3. Nf3 e6 4. a3 d5 5. e3 a6 6. Nc3 g6 7. Be2 Bg7 8. b4 dxc4 9. Bxc4 0-0 10. Bb2 b5 11. Be2 Bb7 12. Qc2 Qe7 13. 0-0 Rfd8 14. Rfd1 e5 15. dxe5 Nxe5 16. Nxe5 Qxe5 17. Nd5 Qe6 18. Nf4 Qe7 19. Rac1 Rxd1+ 20. Rxd1 Rd8 21. Bd4 Be4 22. Qc3 Ne8 23. Bxg7 Nxg7 24. Rd4 Nf5 25. Rxd8+ Qxd8 26. f3 Bb7 27. g3 Qd6 28. Kf2 Ne7 29. Nd3 h5 30. Nc5 Bc8 31. Bd3 f5 32. Qd4 Nc6 33. Qc3 Ne5 34. e4 fxe4 35. Bxe4 0-1

[Event "Montreal op"]
[Site "Montreal"]
[Date "1995.??.??"]
[Round "3"]
[White "Ibrahim, Anthony"]
[Black "Levtchouk, George"]
[Result "0-1"]
[WhiteElo "2220"]
[BlackElo "2345"]
[PlyCount "70"]
[EventDate "1995.09.02"]
[EventType "swiss"]
[EventRounds "5"]
[EventCountry "CAN"]
[SourceTitle "EXT 1997"]
[Source "ChessBase"]
[SourceDate "1996.11.15"]
[SourceVersion "1"]
[SourceVersionDate "1996.11.15"]
[SourceQuality "1"]

1. e4 g6 2. d4 Bg7 3. c3 b6 4. Bd3 Bb7 5. Ne2 d6 6. Be3 Nd7 7. 0-0 Ngf6 8. Nd2 0-0 9. Ng3 e5 10. f4 exd4 11. cxd4 Qe7 12. f5 c5 13. d5 Nxd5 14. Bf2 Nb4 15. Nc4 Rad8 16. Be2 Nf6 17. Bf3 d5 18. exd5 Bxd5 19. Bxd5 Rxd5 20. Qb3 b5 21. Qe3 Qc7 22. Na3 Ng4 23. Qf3 Nxf2 24. f6 Bxf6 25. Qxf6 Ng4 26. Qh4 f5 27. Rae1 Re5 28. Nxb5 Qb8 29. Na3 Nd3 30. Rd1 Qd6 31. Nb5 Qb6 32. Rxd3 c4+ 33. Rd4 Rxb5 34. Rfd1 Rd5 35. Ne2 Rfd8 0-1

[Event "Quebec-ch"]
[Site "Montreal"]
[Date "1995.??.??"]
[Round "2"]
[White "Ross, David"]
[Black "Levtchouk, George"]
[Result "1/2-1/2"]
[WhiteElo "2345"]
[BlackElo "2330"]
[PlyCount "45"]
[EventDate "1995.??.??"]
[EventType "tourn"]
[EventRounds "9"]
[EventCountry "CAN"]
[EventCategory "4"]
[SourceTitle "EXT 2002"]
[Source "ChessBase"]
[SourceDate "2001.11.25"]
[SourceVersion "1"]
[SourceVersionDate "2001.11.25"]
[SourceQuality "1"]

1. d4 g6 2. c4 Bg7 3. Nf3 d6 4. g3 Nf6 5. Bg2 0-0 6. 0-0 c6 7. Nc3 Qa5 8. h3 e5 9. e4 exd4 10. Nxd4 Qc5 11. Nb3 Qxc4 12. Qxd6 a5 13. Rd1 Qb4 14. Rb1 Nd5 15. Qxb4 axb4 16. exd5 bxc3 17. bxc3 Rxa2 18. Nd4 cxd5 19. Bxd5 Ra5 20. c4 Bxh3 21. Rxb7 Nd7 22. Nc6 Ra2 23. Be3 1/2-1/2

[Event "Montreal op"]
[Site "Montreal"]
[Date "1995.??.??"]
[Round "8"]
[White "Sagalchik, Gennadij"]
[Black "Levtchouk, George"]
[Result "1-0"]
[WhiteElo "2515"]
[BlackElo "2345"]
[PlyCount "81"]
[EventDate "1995.09.02"]
[EventType "swiss"]
[EventRounds "5"]
[EventCountry "CAN"]
[SourceTitle "EXT 1997"]
[Source "ChessBase"]
[SourceDate "1996.11.15"]
[SourceVersion "1"]
[SourceVersionDate "1996.11.15"]
[SourceQuality "1"]

1. d4 g6 2. c4 Bg7 3. e4 d6 4. Nc3 Nf6 5. Bd3 0-0 6. Nge2 e5 7. d5 c6 8. 0-0 cxd5 9. cxd5 Na6 10. Bb1 Bd7 11. a3 Qe8 12. b4 Nh5 13. Be3 f5 14. exf5 gxf5 15. f3 Kh8 16. Qd2 Nc7 17. Ra2 Rg8 18. Kh1 Nf6 19. Rc2 Nb5 20. Nxb5 Bxb5 21. Rc7 Bxe2 22. Qxe2 Nxd5 23. Rxb7 Nc3 24. Qe1 Nxb1 25. Qxb1 Qc8 26. Rf7 Rf8 27. Rxa7 Rxa7 28. Bxa7 Qa6 29. Bg1 Qxa3 30. b5 Qa8 31. b6 d5 32. Rc1 d4 33. Rc7 e4 34. Qb5 exf3 35. b7 fxg2+ 36. Kxg2 Qa2+ 37. Bf2 Qe6 38. Qc6 Qe2 39. Rc8 Qg4+ 40. Kh1 Qd1+ 41. Bg1 1-0

[Event "Quebec-ch"]
[Site "Montreal"]
[Date "1995.??.??"]
[Round "7"]
[White "Schleifer, Michael"]
[Black "Levtchouk, George"]
[Result "0-1"]
[WhiteElo "2285"]
[BlackElo "2330"]
[PlyCount "168"]
[EventDate "1995.??.??"]
[EventType "tourn"]
[EventRounds "9"]
[EventCountry "CAN"]
[EventCategory "4"]
[SourceTitle "EXT 2002"]
[Source "ChessBase"]
[SourceDate "2001.11.25"]
[SourceVersion "1"]
[SourceVersionDate "2001.11.25"]
[SourceQuality "1"]

1. d4 g6 2. g3 Bg7 3. Bg2 d6 4. e4 Nc6 5. Ne2 e5 6. d5 Nce7 7. c4 f5 8. Nbc3 Nf6 9. f3 0-0 10. Be3 fxe4 11. Nxe4 Nf5 12. Bf2 Nxe4 13. fxe4 Nh6 14. h3 Bd7 15. Be3 Nf7 16. Qd2 Bf6 17. h4 Bg4 18. 0-0-0 Qd7 19. Rdf1 Bg7 20. Kb1 c5 21. dxc6 bxc6 22. Nc3 Rab8 23. Rf2 Nd8 24. Rxf8+ Bxf8 25. Rc1 Ne6 26. Bf1 Nd4 27. Bd3 Bg7 28. c5 Be6 29. Bxd4 exd4 30. Na4 d5 31. exd5 Qxd5 32. Bc4 Qe4+ 33. Bd3 Qf3 34. Ka1 Bd5 35. Rg1 Re8 36. b3 Re3 37. Nb2 Be4 38. Bc4+ Bd5 39. Bd3 Qf8 40. Qc2 Rf3 41. h5 Rf2 42. Qb1 Qxc5 43. hxg6 hxg6 44. Qe1 Qf8 45. Nc4 Rf3 46. Qe2 Re3 47. Qd1 Qf2 48. Rf1 Qxg3 49. Nb2 Qg5 50. a4 Qe7 51. Nc4 Qb4 52. Ka2 Rg3 53. Rf2 Qc3 54. Nb2 Re3 55. Rd2 Qb4 56. Bc4 Bxc4 57. Nxc4 Re6 58. Qg4 Qe7 59. Nb2 Qf6 60. Nd3 Qf5 61. Qg3 Re3 62. Qb8+ Bf8 63. Rf2 Rf3 64. Rxf3 Qxf3 65. Ne5 Qe2+ 66. Kb1 d3 67. Qe8 Qc2+ 68. Ka1 Qc1+ 69. Ka2 Qa3+ 70. Kb1 Qxb3+ 71. Ka1 Qxa4+ 72. Kb1 Qb3+ 73. Ka1 Qd1+ 74. Ka2 Qe2+ 75. Kb1 Qf1+ 76. Kb2 Qf6 77. Kb3 c5 78. Nxd3 Qf7+ 79. Qxf7+ Kxf7 80. Ne5+ Kg7 81. Nc6 a6 82. Nb8 Bd6 83. Nxa6 Kf6 84. Kc4 Ke6 0-1

[Event "Montreal op"]
[Site "Montreal"]
[Date "1994.09.05"]
[Round "5"]
[White "Levtchouk, George"]
[Black "Levkovsky, Alexandre"]
[Result "1-0"]
[WhiteElo "2286"]
[BlackElo "2185"]
[PlyCount "77"]
[EventDate "1994.09.03"]
[EventType "swiss"]
[EventRounds "5"]
[EventCountry "CAN"]
[SourceTitle "EXT 2022"]
[Source "ChessBase"]
[SourceDate "2021.10.06"]
[SourceVersion "1"]
[SourceVersionDate "2021.10.06"]
[SourceQuality "1"]

1. d4 Nf6 2. c4 e6 3. Nc3 Bb4 4. Qc2 c5 5. dxc5 Bxc5 6. Nf3 d5 7. e3 0-0 8. a3 a5 9. Be2 Nc6 10. 0-0 dxc4 11. Bxc4 Qe7 12. b3 e5 13. Ng5 g6 14. Nge4 Nxe4 15. Nxe4 Bf5 16. Bd3 Bb6 17. Bb2 Rac8 18. Qe2 Rfd8 19. g4 Bxe4 20. Bxe4 Qe6 21. Rab1 Rd7 22. Kh1 Rcd8 23. Bc3 Bc5 24. b4 axb4 25. axb4 Bf8 26. Qf3 Ne7 27. Bxb7 Rb8 28. Be4 Nd5 29. Bxd5 Rxd5 30. Rfd1 e4 31. Qe2 Rbb5 32. Rxd5 Rxd5 33. Bd4 h5 34. b5 hxg4 35. b6 Bd6 36. Rb5 Rxb5 37. Qxb5 Qa2 38. Qe8+ Bf8 39. Qe5 1-0

[Event "Asbestos Gourmands Festival"]
[Site "Asbestos"]
[Date "1994.08.28"]
[Round "4"]
[White "Levtchouk, George"]
[Black "Desforges, Jean"]
[Result "0-1"]
[WhiteElo "2319"]
[BlackElo "2060"]
[PlyCount "82"]
[EventDate "1994.08.26"]
[EventType "swiss"]
[EventRounds "5"]
[EventCountry "CAN"]
[SourceTitle "EXT 2022"]
[Source "ChessBase"]
[SourceDate "2021.10.06"]
[SourceVersion "1"]
[SourceVersionDate "2021.10.06"]
[SourceQuality "1"]

1. d4 d5 2. c4 e6 3. Nc3 c5 4. cxd5 cxd4 5. Qxd4 Nc6 6. Qd1 exd5 7. Qxd5 Bd7 8. Nf3 Nf6 9. Qd1 Bc5 10. e3 Qe7 11. Be2 g5 12. a3 g4 13. Nd4 0-0-0 14. b4 Bb6 15. Bb2 Rhg8 16. 0-0 Kb8 17. Re1 Ne5 18. Rc1 h5 19. Na4 Nf3+ 20. Bxf3 gxf3 21. g3 Bxd4 22. exd4 Qd6 23. Nc5 Bg4 24. d5 Rge8 25. Qa4 Bc8 26. Bd4 b6 27. Nd3 Nd7 28. Be3 f6 29. Nf4 Ne5 30. Rc3 Bd7 31. b5 h4 32. Rec1 hxg3 33. Rc7 gxf2+ 34. Kf1 a5 35. R7c6 Nxc6 36. bxc6 Rxe3 37. Kxf2 Rxa3 38. Qd4 Ra2+ 39. Kf1 Bxc6 40. Qxb6+ Bb7 41. Qd4 Ba6+ 0-1

[Event "Asbestos Gourmands Festival"]
[Site "Asbestos"]
[Date "1994.08.27"]
[Round "3"]
[White "Wenaas, Eric"]
[Black "Levtchouk, George"]
[Result "0-1"]
[WhiteElo "1978"]
[BlackElo "2319"]
[PlyCount "62"]
[EventDate "1994.08.26"]
[EventType "swiss"]
[EventRounds "5"]
[EventCountry "CAN"]
[SourceTitle "EXT 2022"]
[Source "ChessBase"]
[SourceDate "2021.10.06"]
[SourceVersion "1"]
[SourceVersionDate "2021.10.06"]
[SourceQuality "1"]

1. Nf3 g6 2. d4 Bg7 3. c4 d6 4. Nc3 Nf6 5. e4 0-0 6. Be2 e5 7. dxe5 dxe5 8. Qxd8 Rxd8 9. Bg5 Nbd7 10. 0-0-0 Rf8 11. Nd2 Nc5 12. Be3 Ne6 13. Nd5 c6 14. Ne7+ Kh8 15. Nxc8 Rfxc8 16. c5 Bf8 17. b4 a5 18. Nc4 axb4 19. Nb6 Bxc5 20. Bxc5 Nxc5 21. Nxc8 Rxc8 22. f3 b5 23. Kb2 Ne6 24. Rd6 Kg7 25. Rc1 Nd4 26. Bd1 c5 27. Rb6 Rc7 28. Rb1 c4 29. Ra6 Nd7 30. Bc2 Nc5 31. Rb6 Ra7 0-1

[Event "Asbestos Gourmands Festival"]
[Site "Asbestos"]
[Date "1994.08.26"]
[Round "1"]
[White "Desjardins, Andre"]
[Black "Levtchouk, George"]
[Result "0-1"]
[WhiteElo "2010"]
[BlackElo "2319"]
[PlyCount "74"]
[EventDate "1994.08.26"]
[EventType "swiss"]
[EventRounds "5"]
[EventCountry "CAN"]
[SourceTitle "EXT 2022"]
[Source "ChessBase"]
[SourceDate "2021.10.06"]
[SourceVersion "1"]
[SourceVersionDate "2021.10.06"]
[SourceQuality "1"]

1. e4 g6 2. d4 Bg7 3. Nc3 d6 4. f4 a6 5. Nf3 Nc6 6. Be3 Nf6 7. Bd3 0-0 8. h3 b5 9. 0-0 Bb7 10. Ne2 Nb4 11. a3 Nxd3 12. cxd3 Nd7 13. Qd2 c5 14. g4 cxd4 15. Bxd4 e5 16. Bc3 d5 17. Ng3 Nc5 18. Rae1 dxe4 19. dxe4 Qxd2 20. Nxd2 Nd3 21. Re3 Nxf4 22. Ne2 Rfd8 23. Rff3 Ne6 24. Rd3 Nc5 25. Rxd8+ Rxd8 26. h4 Nxe4 27. Nxe4 Bxe4 28. Re3 Bb7 29. Bxe5 Re8 30. Bf4 Rxe3 31. Bxe3 Bxb2 32. Bc5 Bf3 33. Nd4 Bxg4 34. Kf2 Kg7 35. Ke3 f5 36. Kd2 f4 37. Kc2 Ba1 0-1

[Event "Quebec op"]
[Site "Quebec"]
[Date "1994.??.??"]
[Round "3"]
[White "Hebert, Jean"]
[Black "Levtchouk, George"]
[Result "1-0"]
[WhiteElo "2395"]
[BlackElo "2345"]
[PlyCount "69"]
[EventDate "1994.??.??"]
[EventType "swiss"]
[EventRounds "8"]
[EventCountry "CAN"]
[SourceTitle "EXT 1997"]
[Source "ChessBase"]
[SourceDate "1996.11.15"]
[SourceVersion "1"]
[SourceVersionDate "1996.11.15"]
[SourceQuality "1"]

1. e4 g6 2. d4 Bg7 3. c4 d6 4. Nc3 Nf6 5. Be2 0-0 6. Nf3 e5 7. Be3 h6 8. 0-0 Ng4 9. Bc1 Nc6 10. d5 Ne7 11. h3 Nf6 12. Nd2 a5 13. a3 Bd7 14. b3 Nh7 15. Rb1 Nc8 16. Qc2 Ng5 17. h4 Nh7 18. g3 f5 19. exf5 gxf5 20. f4 Kh8 21. Nf3 Rg8 22. Kh2 Bf6 23. fxe5 dxe5 24. Bb2 e4 25. Nxe4 fxe4 26. Ne5 Rg7 27. c5 b6 28. Rxf6 Nxf6 29. Rf1 Kg8 30. Nc6 Bxc6 31. Bxf6 Ne7 32. dxc6 bxc5 33. Bc4+ Kh8 34. Bxg7+ Kxg7 35. Rf7+ 1-0